000 00600nam a2200169Ia 4500
008 090711s9999 xx 000 0 und d
082 _b1767
100 _aखांडेकर वि. स.
245 _aनिवडक कोल्हटकर
260 _bमहाराष्ट्र राज्य शिक्षण विभाग
_c1972
300 _a198
600 _aखांडेकर वि. स.
630 _aनिवडक कोल्हटकर
700 _aखांडेकर वि. स.
730 _aनिवडक कोल्हटकर
942 _cBOOK
999 _c338806
_d338803